01932nam a22003977a 4500999001700000003000900017008004100026020001800067040007100085082003100156100002700187245017200214260005600386300004600442440005000488500003200538505022500570650003300795650003200828650002000860650002600880650002700906650003100933650001500964650001800979700004300997700004901040710004801089710005601137710003801193710006001231942001601291945000901307952010701316952011101423 c21491d21491AR-CdUCM190220b ||||| |||| 00| 0 spa d a9789972513589 aMUNICIPALIDAD PROVINCIAL DEL CUSCOcBIBLIOTECA MUNICIPAL DEL CUSCO a309.18562/B77bB7722a ed. aBourricaud, François aCambios en Puno :bestudios de sociología andina /cFrançois Bourricaud ; [presentación, Roxana Barrantes y Ramón Pajuelo ; prólogo, Jean-Jaoinville Vacher]. aLima :bInstituto de Estudios Peruanos, IEP,c2012. a222 páginas. :bilustraciones ;c23 cm. aSerie Estudios de Sociedad Rural,n42.945041 zBibliografía: p. 217-222. aContenido: Presentación de la ciudad de Puno en 1953. El conflicto de intereses: La estructura agraria. Dinámica cultural: Homogeneización y diferenciación. Conclusión: Cholificación. Trabajos sobre el Perú aIndígenas del Perú95715 aTenencia de la tierra98228 aEtnicidad91315 aCultura andina945042 aAspectos sociales9262 aRelaciones raciales921336 aPuno93897 aPerú945043 aPajuelo, Ramón (presentador )945044 aVacher, Jean-Jaoinville (prologuista)945045 aInstituto de Estudios Peruanos (Lima)99759 aInstitut Français d'Études Andines (Lima)93476 aFrancia. Embajada (Perú)945046 aCooperación Regional para los Países Andinos945047 2ddccLIBROS aRoel 002ddc4070aSHbSHcCARTd2020-09-14eComprag50.00o309.18562/B77pSH0000015869r2020-09-14yLIBROS 002ddc4070aSHbSHcCARTd2020-09-14eComprag50.00o309.18562/B77/e.2pSH0000015870r2020-09-14yLIBROS